Skocznie na których wygrywał Adam Małysz - Statystyki

Ogólne statystyki
  • Ten quiz został rozwiązany 155 razy
  • Średni wynik to 31 z 39
Statystyki odpowiedzi
Hint Odpowiedź % Poprawnych
21 Zakopane
98%
27 Zakopane
98%
28 Zakopane
98%
39 Zakopane
98%
1 Oslo
96%
14 Oslo
96%
22 Oslo
96%
29 OSlo
96%
35 Oslo
96%
36 Planica
96%
37 Planica
96%
38 Planica
96%
4 Innsbruck
92%
13 Trondheim
90%
2 Sapporo
86%
9 Sapporo
86%
10 Sapporo
86%
23 Lahti
85%
24 Lahti
85%
33 Lahti
85%
11 Willingen
85%
30 Oberstdorf
77%
15 Kuopio
74%
34 Kuopio
74%
19 Predazzo
73%
20 Predazzo
73%
18 Engelberg
71%
6 Harrachov
68%
7 Harrachov
68%
25 Harrachov
68%
5 Bischofshofen
66%
16 Titisee-Neustadt
63%
31 Titisee-Neustadt
63%
32 Titisee-Neustadt
63%
3 Hakuba
53%
26 Tauplitz |Bad Mitterndorf
53%
12 Falun
49%
17 Villach
39%
8 Park City
35%
Nie znaleziono quizów pasujących do podanych kryteriów
Rozkład punktacji
Procent ludzi z każdym wynikiem
Percentyl według liczby udzielonych odpowiedzi
Twoja historia wyników
Nie rozwiązałeś tego quizu